| 000 | 00000nam##2200000za#4500 |
| 001 | 9.616505 |
| 003 | CaOODSP |
| 005 | 20200327143330 |
| 007 | ta |
| 008 | 150406|2003||||xxc||||| f|0| 0 eng|d |
| 022 | |a0706-6457 |
| 040 | |aCaOODSP|beng |
| 043 | |an-cn--- |
| 086 | 1 |aFs97-6/2454E |
| 110 | 1 |aCanada. |bDepartment of Fisheries and Oceans. |
| 245 | 12|aA CUSUM analysis of discharge patterns by a hydroelectric dam and discussion of potential effects on the upstream migration of american eel elvers / |cby B.M. Jessop and C.J. Harvie. |
| 260 | |aOttawa - Ontario : |bFisheries and Oceans Canada |c2003. |
| 300 | |av, 28p. : |bgraphs, references, tables ; |c28 cm. |
| 490 | 1 |aCanadian technical report of fisheries and aquatic sciences|x0706-6457|v2454 |
| 546 | |a(Textes d'introduction en anglais et en français.) |
| 563 | |aSoftcover |
| 590 | |a03-38|b2003-09-19 |
| 720 | 1 |aJessop, B.M. |
| 720 | 1 |aHarvie, C.J. |
| 776 | 0#|tA CUSUM analysis of discharge patterns by a hydroelectric dam and discussion of potential effects on the upstream migration of American eel elvers / |w(CaOODSP)9.574079 |
| 830 | #0|aCanadian technical report of fisheries and aquatic sciences,|x0706-6457|v2454|w(CaOODSP)9.514691 |